000 00689nam a2200229 a 4500
999 _c2555
_d2555
001 2555
003 BD-JhCC
005 20220802134021.0
008 171104s2016 bg |||| |||| 000 0 ben d
020 _a9847011200927
035 _a(BD-JhCC) 2555
040 _aBD-JhCC
_dBD-JhCC
041 _aben
082 _a891.4409
_bKAR 2016
100 _aকরিম, এনায়েত
245 _aআনা ফ্রাঙ্কের ডায়েরি /
_c এনায়েত করিম
260 _aঢাকা :
_bঝিনুক প্রকাশনী ,
_c2016
300 _a192 p .:
_c22 cm .
650 _aLatterof Ama Franks
942 _2ddc
_cBK
_07